Boroughs of Alaska - Statistics

General Stats
  • This quiz has been taken 5,710 times
    1,515 since last reset
  • The average score is 18 of 30
Answers on the Map
Answers color-coded by a green-red scale on the quiz's map according to % correct below.
 
Answer Stats
Type Pop County % Correct
City Borough 286,075 Anchorage
93%
City Borough 31,555 Juneau
92%
Borough 94,840 Fairbanks North Star
89%
Census Area 9,763 Nome
82%
Borough 12,565 Kodiak Island
76%
Borough 10,603 North Slope
75%
City Borough 8,282 Sitka
71%
Census Area 5,129 Yukon-Koyukuk
71%
Borough 1,584 Denali
66%
Borough 3,461 Aleutians East
65%
Census Area 5,160 Aleutians West
65%
Borough 61,223 Kenai Peninsula
65%
Borough 13,738 Ketchikan Gateway
64%
Census Area 18,224 Bethel
59%
Borough 1,331 Lake and Peninsula
56%
City Borough 1,095 Skagway
55%
Borough 844 Bristol Bay
51%
Census Area 4,607 Dillingham
51%
City Borough 2,064 Wrangell
51%
Borough 7,361 Northwest Arctic
50%
Census Area 5,696 Prince of Wales-Hyder
49%
Census Area 2,674 Copper River
46%
Census Area 7,077 Southeast Fairbanks
46%
City Borough 687 Yakutat
46%
Borough 115,239 Matanuska-Susitna
45%
Borough 3,427 Petersburg
45%
City Borough 2,070 Haines
44%
Census Area 6,769 Chugach
42%
Census Area 2,262 Hoonah-Angoon
42%
Census Area 8,001 Kusilvak
41%
No matching quizzes found
Score Distribution
Percent of People with Each Score
Percentile by Number Answered
Your Score History
You have not taken this quiz since the last reset